00864cam a2200241 a 450000100100000000500170001000800410002703500190006804000300008708200180011710000340013524500900016926000380025930000210029750400280031865000190034665000330036570000420039891000340044004900090047495201220048399900170060500001580620260428112120.0841018s1982 cu b 000 0 spa  a(DLC) 84228841 aDO-SdBNPbspacBNPHUdDLC a070.43bC117a1 aCabrera, Luis Rolando.93556410aAnatomía del reportaje /cLuis Rolando Cabrera ; edición José Limia González. aSantiago, Cuba :bOriente,c1982. a114 p. ;c23 cm. aBibliografía: p. 111. 0aReportajes955 4aPeriodismo investigativo9351 aLimia González, José,eed.935565 aCatalogación por copia / LC aBNGR 001052708MOaGRbGRcCTd2010-02-18iLF1l0o070.43 C117ap15806-10r2020-06-25w2020-06-25y2ZPréstamo interno c15352d15352